| 000 | 00516nam a22002057a 4500 | ||
|---|---|---|---|
| 003 | OSt | ||
| 005 | 20180116183056.0 | ||
| 008 | 161007b xxu||||| |||| 00| 0 eng d | ||
| 020 | _a9780321906816 | ||
| 040 | _c0 | ||
| 082 | _a808.042 BEH 2015 | ||
| 100 | _aBehrens,Laurence | ||
| 245 |
_aA Sequence for Academic Writing _cLaurence Behrens |
||
| 250 | _a6th ed. | ||
| 260 |
_aBoston _bPEARSON _c2015 |
||
| 300 |
_a335p. _bPB. |
||
| 440 | _aA Sequence for Academic Writing | ||
| 500 | _aPB. | ||
| 942 |
_2ddc _cBK |
||
| 999 |
_c351838 _d351838 |
||